| 000 | 00851cam a22002651 4500 | ||
|---|---|---|---|
| 999 |
_c22760 _d22760 |
||
| 001 | 6048722 | ||
| 003 | BDDh-ASL | ||
| 005 | 20231015030145.0 | ||
| 008 | 781118s1953 xx 000 0 eng | ||
| 010 | _a 54040268 | ||
| 035 | _a(OCoLC)4384969 | ||
| 040 |
_aDLC _cOCl _dDLC _dBDDh-ASL |
||
| 042 | _apremarc | ||
| 050 | 0 | 0 |
_aPK519 _b.A6 |
| 082 |
_a954 _bAGI |
||
| 100 | 1 | _aAgrawala, Vasudeva S. | |
| 245 | 1 | 0 |
_aIndia as known to Pāṇini : _ba study of the cultural material in the Ashṭādhyāyī / |
| 260 |
_a[Lucknow] _bUniversity of Lucknow, _c1953. |
||
| 300 |
_axx, 549 p. : _bplate, fold. maps. _c26 cm. |
||
| 440 | 0 |
_aRadha Kumud Mookerji endowment lectures, _v1952 |
|
| 600 | 0 | 0 |
_aPāṇini. _tAṣṭādhyāyī. |
| 651 | 0 |
_aIndia _xHistory _yTo 324 B.C. |
|
| 906 |
_a7 _bcbc _coclcrpl _du _encip _f19 _gy-gencatlg |
||
| 942 |
_2ddc _cBK |
||